| 000 | 00535 a2200193 4500 | ||
|---|---|---|---|
| 005 | 20260202163617.0 | ||
| 008 | 260202b |||||||| |||| 00| 0 eng d | ||
| 020 |
_a9789394645783 _cRs. 3795.00 |
||
| 040 | _aMAIN | ||
| 082 |
_a595.772 _bT952M |
||
| 100 | _aTyagi, B K | ||
| 245 | _aMosquito: A zaddy and subaltern sex in the disease epidemiology and control | ||
| 260 |
_bScientific Publishers _c2025 _aJodhpur |
||
| 300 | _axv, 232 | ||
| 650 | _aZoology | ||
| 650 | _aMosquito Biology | ||
| 650 | _aZoogeography | ||
| 942 | _cBK | ||
| 999 |
_c395064 _d395064 |
||